Are miraculous gifts for today? : (Record no. 9979)
[ view plain ]
| 000 -LEADER | |
|---|---|
| fixed length control field | 01334pam a2200325 a 4500 |
| 001 - CONTROL NUMBER | |
| control field | 2105996 |
| 003 - CONTROL NUMBER IDENTIFIER | |
| control field | GBCCL |
| 005 - DATE AND TIME OF LATEST TRANSACTION | |
| control field | 20241126110722.0 |
| 008 - FIXED-LENGTH DATA ELEMENTS--GENERAL INFORMATION | |
| fixed length control field | 960417s1996 miu b 001 0 eng |
| 010 ## - | |
| -- | 96016189 |
| 020 ## - INTERNATIONAL STANDARD BOOK NUMBER | |
| International Standard Book Number | 0310201551 (softcover) |
| 040 ## - CATALOGING SOURCE | |
| Original cataloging agency | DLC |
| Transcribing agency | DLC |
| Modifying agency | DLC |
| 050 00 - | |
| -- | BT767.3 |
| -- | .A74 1996 |
| 082 00 - DEWEY DECIMAL CLASSIFICATION NUMBER | |
| Classification number | 234.13 |
| Edition information | 20 |
| Item number | ARE |
| 245 00 - TITLE STATEMENT | |
| Title | Are miraculous gifts for today? : |
| Remainder of title | four views / |
| Statement of responsibility, etc. | Richard B. Gaffin, Jr. ... [et al.] ; Wayne A. Grudem, general editor. |
| 260 ## - PUBLICATION, DISTRIBUTION, ETC. | |
| Place of publication, distribution, etc. | Grand Rapids, Mich. : |
| Name of publisher, distributor, etc. | Zondervan Pub., |
| Date of publication, distribution, etc. | c1996. |
| 300 ## - PHYSICAL DESCRIPTION | |
| Extent | 368 p. ; |
| Dimensions | 21 cm. |
| 490 1# - SERIES STATEMENT | |
| Series statement | Counterpoints |
| 504 ## - BIBLIOGRAPHY, ETC. NOTE | |
| Bibliography, etc. note | Includes bibliographical references and indexes. |
| 505 0# - FORMATTED CONTENTS NOTE | |
| Formatted contents note | Cessationist / Richard B. Gaffin, Jr. -- Open but cautious / R. L. Saucy -- Third wave / C. Samuel Storms -- Pentacostal/charismatic / Douglas A. Oss. |
| 650 #0 - SUBJECT ADDED ENTRY--TOPICAL TERM | |
| Topical term or geographic name entry element | Gifts, Spiritual. |
| 9 (RLIN) | 664 |
| 650 #0 - SUBJECT ADDED ENTRY--TOPICAL TERM | |
| Topical term or geographic name entry element | Miracles. |
| 9 (RLIN) | 3104 |
| 700 1# - ADDED ENTRY--PERSONAL NAME | |
| Personal name | Gaffin, Richard B. |
| 9 (RLIN) | 17364 |
| 700 1# - ADDED ENTRY--PERSONAL NAME | |
| Personal name | Grudem, Wayne A. |
| 9 (RLIN) | 1981 |
| 830 #0 - | |
| -- | Counterpoints (Grand Rapids, Mich.) |
| -- | 1396 |
| 856 42 - ELECTRONIC LOCATION AND ACCESS | |
| Materials specified | Publisher description |
| Uniform Resource Identifier | <a href="http://www.loc.gov/catdir/enhancements/fy0633/96016189-d.html">http://www.loc.gov/catdir/enhancements/fy0633/96016189-d.html</a> |
| 906 ## - LOCAL DATA ELEMENT F, LDF (RLIN) | |
| a | 7 |
| b | cbc |
| c | orignew |
| d | 1 |
| e | ocip |
| f | 19 |
| g | y-gencatlg |
| 942 ## - ADDED ENTRY ELEMENTS (KOHA) | |
| Source of classification or shelving scheme | Dewey Decimal Classification |
| Koha item type | Books |
| Koha issues (borrowed), all copies | 1 |
| Withdrawn status | Lost status | Source of classification or shelving scheme | Damaged status | Not for loan | Home library | Current Library | Shelving location | Date acquired | Total checkouts | Full call number | Barcode | Date last seen | Date last checked out | Copy number | Price effective from | Koha item type |
|---|---|---|---|---|---|---|---|---|---|---|---|---|---|---|---|---|
| Dewey Decimal Classification | GRACE BIBLE COLLEGE | GRACE BIBLE COLLEGE | Theology | 2023-11-07 | 2 | 234.13 ARE | 020642 | 2025-09-01 | 2025-08-21 | c.1 | 2023-11-07 | Books |